Az egy- és kétvezetékes fejőgépek Melotte "Monomat" és Elfa Impulsa összehasonlító vizsgálata a műszaki jellemzők és az üzemi mérések alapján (hódmezővásárhelyi Vörös Csillag és a földeáki Dózsa Mtsz-ekben)
Elmentve itt :
| Szerző: | |
|---|---|
| További közreműködők: | |
| Dokumentumtípus: | Szakdolgozat |
| Megjelent: |
1973
|
| Kulcsszavak: | Fejőgépek Gépesítés, fejés Hódmezővásárhely Földeák |
| Tárgyszavak: | |
| Online Access: | http://diploma.bibl.u-szeged.hu/97872 |
| LEADER | 00945nta a2200241 i 4500 | ||
|---|---|---|---|
| 001 | dipl97872 | ||
| 005 | 20220126090913.0 | ||
| 008 | 220126s1973 hu om 0|| zxx d | ||
| 040 | |a SZTE Diploma Repozitórium |b hun | ||
| 041 | |a zxx | ||
| 100 | 1 | |a Gulyás Árpád | |
| 245 | 1 | 3 | |a Az egy- és kétvezetékes fejőgépek Melotte "Monomat" és Elfa Impulsa összehasonlító vizsgálata a műszaki jellemzők és az üzemi mérések alapján (hódmezővásárhelyi Vörös Csillag és a földeáki Dózsa Mtsz-ekben) |h [elektronikus dokumentum] / |c Árpád Gulyás |
| 260 | |c 1973 | ||
| 300 | |a 41 | ||
| 650 | 4 | |a Agrár | |
| 650 | 4 | |a Agricultural sciences | |
| 650 | 4 | |a Other agricultural sciences | |
| 695 | |a Fejőgépek | ||
| 695 | |a Gépesítés, fejés | ||
| 695 | |a Hódmezővásárhely | ||
| 695 | |a Földeák | ||
| 700 | 1 | |a nincs megadva |e ths | |
| 856 | 4 | 0 | |u http://diploma.bibl.u-szeged.hu/id/eprint/97872/1/xxxx_gulyas_arpad.pdf |z Dokumentum-elérés |